| 000 | 00689cam a22002411 4500 | ||
|---|---|---|---|
| 001 | sa 64005998 | ||
| 003 | DLC | ||
| 005 | 20260227112036.0 | ||
| 008 | 890725s1964 ii a b 000 0 maro | ||
| 010 | _asa 64005998 | ||
| 035 | _a(OCoLC)20069541 | ||
| 040 |
_aDLC _cWaU _dDLC |
||
| 043 | _aa-ii--- | ||
| 050 | 0 | 0 |
_aPN1009.M3 _bD36 |
| 100 | 1 |
_aDandekar, Malatibai Madhavrao, _d1913- |
|
| 245 | 1 | 0 | _aBālasāhityācī rūparekhā. |
| 260 | _c[1964] | ||
| 300 |
_a18, 276 p. _billus. _c23 cm. |
||
| 500 | _aIn Marathi. | ||
| 504 | _aBibliography: p. 6 (1st group) | ||
| 650 | 0 |
_aChildren's literature, Marathi _xHistory and criticism. |
|
| 650 | 0 |
_aChildren _xBooks and reading _zIndia. |
|
| 999 |
_c59460 _d59460 |
||